00477nam a22001457a 4500010001500000020002600015035001400041037001300055082001000068100001900078245010800097260004200205270006200247300002200309 aENG-120548 c250.00a9789352619870 aEN-104080 bDBAD/PUB a378.4 aKorrpati,Raghu aEducational equivalency analysis :cby k. Samender b108 India degrees and equivalency to USA degrees / aNew DelhibDiamond Pocket Booksc2017 bNew DelhiaX-30, Okhla Industrial Area, Phase- IIe110020 a211p.b22cm(pbk).